| 000 | 00590nam a2200193 i 4500 | ||
|---|---|---|---|
| 001 | 40667 | ||
| 003 | ES-MaACL | ||
| 005 | 20230906160302.0 | ||
| 007 | t| | ||
| 008 | 030306q1866 fr ||||1| fre d | ||
| 100 | 1 |
_aCapendu, Ernest. _934840 |
|
| 245 | 1 | 0 |
_aSurcouf / _cpar Ernest Capendu. |
| 260 |
_aParis : _bDegorce Cadot, _c[1866?] ( _fCh. Noblet) |
||
| 300 |
_a52 p. : _bil. ; _c29 cm. |
||
| 490 | 1 |
_aBibliothèque des bons romans illustrés ; _v40 |
|
| 830 | 0 |
_aBibliothèque des bons romans illustrés ; _v40 _9229752 |
|
| 852 |
_aES-MaACL _jFol-Laf-13 |
||
| 999 |
_c40667 _d40667 |
||